Histoire de France par lettre - S - Statistiques

Statistiques générales
  • Ce quiz a été pris 17 477 fois
  • Le résultat moyen est 10 sur 20
Statistiques - réponses
Indices Réponses % Correct
Canal percé entre 1859 et 1869 sous la direction de Ferdinand de Lesseps Canal de {Suez}
94%
Ecrivain et aviateur disparu en vol en 1944 qui ne voyait bien qu'avec le cœur Antoine de Saint-Exupéry
80%
Bataille la plus meurtrière de la Première Guerre mondiale Bataille de la {Somme}
80%
Président à l'origine du retour de la France au commandement armé de l'OTAN Nicolas Sarkozy
70%
Elle est célèbre pour son vase, associé au règne de Clovis Soissons
62%
Celui de Gergovie eut lieu en -52, celui de La Rochelle en 1627-1628 Siège
59%
Mouvement artistique défini par André Breton dans un manifeste de 1924 Surréalisme
57%
Prénom usuel de trois Carnot dont le Président de la République assassiné en 1894 Sadi
56%
Duché annexé en 1860 après plébiscite en même temps que le comté de Nice Savoie
48%
Unité monétaire équivalente à douze deniers Sou
46%
Ville du Missouri fondée par trois Français en 1764 et nommée d'après un roi de France Saint-Louis
43%
Régime liant les paysans à une terre aboli en 1315 par Louis X Servage
43%
Noble libertin du XVIIIe siècle emprisonné pour ses écrits jugés immoraux Marquis de Sade
38%
Défaite française au cours de laquelle Napoléon III fut fait prisonnier Bataille de {Sedan}
32%
Pays asiatique sous mandat français de 1920 à 1946 Syrie
30%
Loi invoquée pour éviter l'accession d'une femme au trône de France à la mort de Jean Ier en 1316 Loi {salique}
28%
Land allemand placé sous protectorat français de 1947 à 1956 Sarre
27%
Seul vestige de la Nouvelle-France, il faisait autrefois partie de la colonie de Terre-Neuve Saint-Pierre-et-Miquelon
26%
Ministre des Affaires étrangères de 1948 à 1953, il est considéré comme l'un des pères fondateurs de la construction européenne Robert Schuman
20%
Ville ukrainienne dont le siège de 1854-1855 vit s'opposer les Français, Britanniques, Ottomans et Piémontais aux Russes et où le Mac-Mahon aurait affirmé "J'y suis, j'y reste." Sébastopol
20%
Aucun quiz correspondant
Distribution des résultats
% des personnes avec chaque résultat
Percentile par nombre de réponses
Votre historique - résultats
Vous n’avez pas pris ce quiz